00680nam a2200181 i 450000100060000000300090000600500170001500700030003200800410003510000400007624500980011626000670021430000340028165000240031585200220033999900170036195201200037821109ES-MaACL20240823063038.0t|021121s1914 fr ||||1| fre d1 aAchard, Charles,d1860-1944915505713aLe premier livre de Médecine b: elements de Pathologie générale... / cpar Ch. Achard. aParis : bJ.B. Baillière, c[1914] (eCorbeil : fCrété) aXI, 320 p. : bil. ; c21 cm.04aPatología.915884 aES-MaACLjB-11974 c21109d21109 00104070aATENEOMbATENEOMcSPBd2008-01-17eSCl0oB-11974p1021682r2023-02-23 00:00:00w2023-02-23yMONOGRAFIA